00487nam a2200205Ia 4500008004100000020001800041050001400059100002000073245002500093245002000118260001500138260001600153260000900169300001600178300002700194300001000221440003600231440000600267500000800273170918s9999 xx 000 0 und d a9780545234924 bB847 2009 aBrewer, Heather aTenth grade bleeds / cHeather Brewer. aNew York : bScholastic, c2009 a292 pages : bcolored illustration ; c19cm. aThe chronicle of Vladimir Tod ; v3 a820